The genesis of Bangladesh: (Record no. 25745)
[ view plain ]
| 000 -LEADER | |
|---|---|
| fixed length control field | 01025nam a2200301 4500 |
| 001 - CONTROL NUMBER | |
| control field | 25745 |
| 003 - CONTROL NUMBER IDENTIFIER | |
| rucl marc code | BD-RjUL |
| 005 - DATE AND TIME OF LATEST TRANSACTION | |
| control field | 20211209050924.0 |
| 008 - FIXED-LENGTH DATA ELEMENTS--GENERAL INFORMATION | |
| fixed length control field | 140319s1972 enkb b 001 0beng |
| 020 ## - INTERNATIONAL STANDARD BOOK NUMBER | |
| International Standard Book Number | 021040504X |
| 035 ## - SYSTEM CONTROL NUMBER | |
| System control number | (BD-RjUL)25815 |
| 040 ## - CATALOGING SOURCE | |
| Original cataloging agency | DLC |
| Transcribing agency | DLC |
| Modifying agency | DLC |
| -- | BD-RjUL |
| Language of cataloging | eng |
| 041 ## - LANGUAGE CODE | |
| Language code of text/sound track or separate title | eng |
| 082 00 - DEWEY DECIMAL CLASSIFICATION NUMBER | |
| Classification number | 954.9205 |
| Author mark and year | ROG 1972 |
| 100 2# - MAIN ENTRY--PERSONAL NAME | |
| Personal name | Roy Chowdhury, Subrata. |
| 9 (RLIN) | 79079 |
| 245 14 - TITLE STATEMENT | |
| Title | The genesis of Bangladesh: |
| Remainder of title | a study in international legal norms and permissive conscience / |
| Statement of responsibility, etc. | Subrata Roy Chowdhury |
| 260 ## - PUBLICATION, DISTRIBUTION, ETC. (IMPRINT) | |
| Place of publication, distribution, etc. | London : |
| Name of publisher, distributor, etc. | Asia Publishing House, |
| Date of publication, distribution, etc. | 1972. |
| 300 ## - PHYSICAL DESCRIPTION | |
| Pagination | xii, 345 p. : |
| Illustrations | map (on lining papers). ; |
| Size | 25 cm. |
| 350 ## - PRICE (NR) (BK AM CF MU VM SE) [OBSOLETE] | |
| Price | £4.00 |
| 504 ## - BIBLIOGRAPHY, ETC. NOTE | |
| Bibliography, etc | Includes Bibliography: p. [311]-324 and index. |
| 650 #0 - SUBJECT ADDED ENTRY--TOPICAL TERM | |
| Topical term or geographic name as entry element | Self-determination, National. |
| 9 (RLIN) | 11396 |
| Topical term or geographic name as entry element | Crimes against humanity. |
| 9 (RLIN) | 79080 |
| 651 #0 - SUBJECT ADDED ENTRY--GEOGRAPHIC NAME | |
| Geographic name | Bangladesh |
| General subdivision | History |
| Chronological subdivision | Revolution, 1971. |
| 9 (RLIN) | 79081 |
| Geographic name | Pakistan |
| General subdivision | Politics and government. |
| 9 (RLIN) | 79082 |
| 942 ## - ADDED ENTRY ELEMENTS (KOHA) | |
| Source of classification or shelving scheme | Dewey Decimal Classification |
| Koha item type | Books |
| Lost status | Source of classification or shelving scheme | Damaged status | Not for loan | Collection code | Permanent Location | Current Location | Shelving location | Date acquired | Source of acquisition | Cost, normal purchase price | Total Checkouts | Full call number | Date last seen | Copy number | Koha item type |
|---|---|---|---|---|---|---|---|---|---|---|---|---|---|---|---|
| Dewey Decimal Classification | Non-fiction | Central Library, University of Rajshahi | Central Library, University of Rajshahi | 13/05/1978 | Anies public House | 36.00 | 954.9205 ROG 1972 | 19/03/2014 | C-2 | Books |